[Event "Obera op"]
[Site "Obera"]
[Date "2022.02.28"]
[Round "6"]
[White "Mahmud, Lihue Mateo"]
[Black "Lagreca, Alejandro"]
[Result "1/2-1/2"]
[WhiteElo "1623"]
[BlackElo "1938"]
[PlyCount "31"]
[EventDate "2022.02.26"]
[EventType "swiss"]
[EventRounds "6"]
[EventCountry "ARG"]
[SourceTitle "EXT 2023"]
[Source "ChessBase"]
[SourceDate "2022.10.05"]
[SourceVersion "1"]
[SourceVersionDate "2022.10.05"]
[SourceQuality "1"]

1. e4 d5 2. exd5 Nf6 3. d4 Nxd5 4. Nf3 g6 5. h3 Bg7 6. c4 Nb6 7. Nc3 0-0 8. Be2 c6 9. 0-0 Be6 10. b3 c5 11. Be3 Bf5 12. Rc1 cxd4 13. Bxd4 Nc6 14. Bxg7 Kxg7 15. Nd5 Be6 16. Nf4 1/2-1/2

[Event "Obera op"]
[Site "Obera"]
[Date "2022.02.26"]
[Round "1"]
[White "Lagreca, Alejandro"]
[Black "Dutra, Omar Horacio"]
[Result "1-0"]
[WhiteElo "1938"]
[BlackElo "1082"]
[PlyCount "75"]
[EventDate "2022.02.26"]
[EventType "swiss"]
[EventRounds "6"]
[EventCountry "ARG"]
[SourceTitle "EXT 2023"]
[Source "ChessBase"]
[SourceDate "2022.10.05"]
[SourceVersion "1"]
[SourceVersionDate "2022.10.05"]
[SourceQuality "1"]

1. e4 e5 2. Nf3 d6 3. d4 Nc6 4. c3 Nf6 5. Bg5 Be7 6. dxe5 dxe5 7. Qc2 0-0 8. Nbd2 h6 9. Bh4 Bg4 10. Bc4 Qd6 11. h3 Bh5 12. Bg3 Rab8 13. a4 a6 14. 0-0 Rfe8 15. b4 a5 16. b5 Nd8 17. Nxe5 Qb6 18. Bb3 Ne6 19. Nec4 Qa7 20. Kh1 Nc5 21. b6 cxb6 22. f3 Rbc8 23. Ba2 Ncd7 24. Nb3 Bc5 25. Nxc5 Nxc5 26. Nd6 Qb8 27. Nxe8 Qxg3 28. Nxf6+ gxf6 29. Bd5 Rc7 30. Rab1 Nd7 31. Qf2 Qd6 32. Qh4 Bg6 33. Qxh6 Ne5 34. f4 Nd3 35. Qxg6+ Kf8 36. Qh6+ Kg8 37. Rf3 Nxf4 38. Rg3+ 1-0